An oral history of the development of a well-off China. I have faith in China/ (Record no. 586530)
[ view plain ]
| 000 -LEADER | |
|---|---|
| fixed length control field | 00444nam a22001337a 4500 |
| 020 ## - INTERNATIONAL STANDARD BOOK NUMBER | |
| International Standard Book Number | 9787508542782 |
| 040 ## - CATALOGING SOURCE | |
| Transcribing agency | NUST |
| 082 ## - DEWEY DECIMAL CLASSIFICATION NUMBER | |
| Classification number | 330.951 |
| Author Mark | XUE |
| 100 ## - MAIN ENTRY--PERSONAL NAME | |
| Personal name | Xueqin Hu |
| 9 (RLIN) | 83172 |
| 245 ## - TITLE STATEMENT | |
| Title | An oral history of the development of a well-off China. I have faith in China/ |
| Statement of responsibility, etc. | Hu Xueqin ; Zhongwu Luo |
| 260 ## - PUBLICATION, DISTRIBUTION, ETC. | |
| Place of publication, distribution, etc. | Beijing Shi : |
| Name of publisher, distributor, etc. | China Intercontinental Press, |
| Date of publication, distribution, etc. | 2019. |
| 300 ## - PHYSICAL DESCRIPTION | |
| Extent | 3, 2, 320 pages : illustrations ; 25 cm |
| 942 ## - ADDED ENTRY ELEMENTS (KOHA) | |
| Source of classification or shelving scheme | |
| Koha item type | Book |
| Withdrawn status | Lost status | Source of classification or shelving scheme | Damaged status | Not for loan | Permanent Location | Current Location | Shelving location | Date acquired | Total Checkouts | Full call number | Barcode | Date last seen | Price effective from | Koha item type | Materials specified (bound volume or other part) |
|---|---|---|---|---|---|---|---|---|---|---|---|---|---|---|---|
| Central Library (CL) | Central Library (CL) | Chinese Studies | 10/06/2021 | 330.951 XUE | CL-D-1307 | 10/14/2021 | 10/14/2021 | Book | |||||||
| Central Library (CL) | Central Library (CL) | Chinese Studies | 10/06/2021 | 330.951 XUE | CL-D-1308 | 10/14/2021 | 10/14/2021 | Book | |||||||
| Central Library (CL) | Central Library (CL) | Chinese Studies | 11/28/2025 | 330.951 XUE | CL-D-3168 | 11/28/2025 | 11/28/2025 | Book | Donated by Chinese study center NUST | ||||||
| NUST Law School (NLS) | NUST Law School (NLS) | 07/17/2025 | 330.951 XUE | NLSD-301 | 07/17/2025 | 07/17/2025 | Book |
